Κατάλογος Βιβλιοθηκών Mediterranean College

Risk Management / Problems & Solutions (Record no. 841)

MARC details
000 -LEADER
fixed length control field 01268cam a22002054a 4500
005 - ΗΜΕΡΟΜΗΝΙΑ ΚΑΙ ΩΡΑ ΤΕΛΕΥΤΑΙΑΣ ΕΝΗΜΕΡΩΣΗΣ
Πεδίο ελέγχου 20250605163947.0
008 - FIXED-LENGTH DATA ELEMENTS--GENERAL INFORMATION
Πεδίο ελέγχου σταθερού μήκους 250528s ||||||||||||||||||||||||d
035 ## - SYSTEM CONTROL NUMBER
System control number 15248
020 ## - ISBN
ISBN 71132996
040 ## - ΠΗΓΗ ΚΑΤΑΛΟΓΟΓΡΑΦΗΣΗΣ
Φορέας πρωτότυπης καταλογογράφησης MC Athens Campus Library
Γλώσσα καταλογογράφησης Ελληνικά, Μοντέρνα (1453-)
Modifying agency MC Athens Campus Library
Κανόνες περιγραφικής καταλογογράφησης AACR2
245 1# - ΤΙΤΛΟΣ ΚΑΙ ΔΗΛΩΣΗ ΥΠΕΥΘΥΝΟΤΗΤΑΣ
Τίτλος Risk Management / Problems & Solutions
260 ## - PUBLICATION, DISTRIBUTION, ETC.
Name of publisher, distributor, etc. Mcgraw Hill, Inc,
Date of publication, distribution, etc. 1995
300 ## - PHYSICAL DESCRIPTION
Extent 370
520 ## - SUMMARY, ETC.
Summary, etc. Preface, Dimensions of Risk Management: Definition and Implications for Financial Services, Nuclear Financial Economics, The Geometry of Commercial Bank Balance Sheet Management, Debt Management and Interest Rate Risk, Managing Mortgage Risks, Elements of Quantitative Risk Management, Should Firms Use Derivatives to Manage Risk?, Valuation Risk and Financial Reporting, Risk Measurement, Operating Risk in Financial Services, Risk Management and New Financial Products, Bank Capital Requirements and Incentives for Lending, Comparative Risk Management Practices: Japan Versus The U.S., Yield Curve Risk Management for Government Bond Portfolios: An International Comparison, The Internal Call Market: A Clean and Well-Lighted Place to Trade, The Future of Futures.
700 1# - ΠΡΟΣΘΕΤΗ ΑΝΑΓΡΑΦΗ--ΦΥΣΙΚΟ ΠΡΟΣΩΠΟ
Personal name Beaver H. William
9 (RLIN) 1139
700 1# - ΠΡΟΣΘΕΤΗ ΑΝΑΓΡΑΦΗ--ΦΥΣΙΚΟ ΠΡΟΣΩΠΟ
Personal name Parker George
9 (RLIN) 1140
942 ## - ADDED ENTRY ELEMENTS (KOHA)
Koha item type Books
Holdings
Τύπος τεκμηρίου Βιβλιοθήκη Τρέχουσα τοποθεσία Barcode Αριθμός εισαγωγής Ημερομηνία απόκτησης Ταξιθετικό σύμβολο Αριθμός αντιτύπου Κατάσταση απόσυρσης Κατάσταση χαμένου Κατάσταση κατεστραμμένου Μη δανεισμός Σύνολο δανεισμών Ημερομηνία τελευταίας εμφάνισης Η τιμή ισχύει από
Books MC Athens Campus Library MC Athens Campus Library 9780000008404 1486 05/06/2025 658.155 BEA 1           05/06/2025 05/06/2025

MC Athens Campus Library
Πατησίων 94 & Κοδριγκτώνος 13, 104 34
Πελλήνης 8 & Πατησίων 107, 112 51
Τ: +30 210 8899600

MC Thessaloniki Campus Library
Ίωνος Δραγούμη 21, 54625 | Ίωνος Δραγούμη 15, 54625
Τ: +30 2310 287779 – Τ: +30 2314 440300